LEADER 00902nam a2200217 i 4500 001 000000257548 003 CaOOAMICUS 005 20180306000000.0 008 180306s1875 it u000 u ita u 013 $a236456 040 $aSeMil$bita 100 1 $aBesso, Beniamino.$0(OLS)http://semarc/name/91836 245 13$aLe grandi invenzioni antiche e moderne /$copera compilata da B. Besso. 250 $a6. ed. con numerose aggiunte. 260 $aMilano :$bFratelli Treves,$c1875. 300 $a360, 332, 360 p. :$bill. ;$c31 cm. 650 4$aScoperte scientifiche - Opere anteriori al 1900.$0(OLS)http://semarc/subject/44870 850 $aSeMil 852 $aSeMil$W1$xVenegono$y1$m3W VI 30 FA$j207894$B207894$CSeMilBibl$Z2$F221450 $8I 996 $6245$aLe grandi invenzioni antiche e moderne$9(OLS)http://semarc/title/404894 996 $6260$aMilano :$bFratelli Treves$9(OLS)http://semarc/publisher/30212 LEADER 01088nam a2200229 i 4500 001 000000186806 003 CaOOAMICUS 005 20100305000000.0 008 100305s1952 it u000 u ita u 013 $a164862 040 $aSeMil$bita 100 1 $aCazzani, Giovanni .$0(OLS)http://semarc/name/24118 245 10$aScritti pastorali /$cdi S. E. Mons. Giovanni Cazzani arcivescovo di Cremona ; scelti e coordinati da don Ercole Brocchieri ; presentazione di Mons. Cesare Rosa Vicario generale della Diocesi. 260 $a[Italia] :$bPaoline,$c1952. 300 $a344 p. ;$c25 cm. 500 $aContiene : Elenco cronologico delle Lettere Pastorali di S. E. Monsignor Giovanni Cazzani. 650 4$aPastorale.$0(OLS)http://semarc/subject/3408 700 1 $aRosa, Cesare .$0(OLS)http://semarc/name/57105 850 $aSeMil 852 $aSeMil$W1$xVenegono$y1$m3F IV 313$j137493$B137493$CSeMilBibl$Z2$F148995 $81 996 $6245$aScritti pastorali$9(OLS)http://semarc/title/78774 996 $6260$a[Italia] :$bPaoline$9(OLS)http://semarc/publisher/31241